Vista normal
Vista MARC
Entrada Nombre de reunión
Número de registros utilizados en: 12
001 - NÚMERO DE CONTROL
- Campo de control: 981
003 - IDENTIFICADOR DE NÚMERO DE CONTROL
- Campo de control: ES-MaCES
005 - FECHA Y HORA DE LA ULTIMA MODIFICACION
- Campo de control: 20080512105600.0
008 - ELEMENTOS DE DATOS DE LONGITUD FIJA
- Campo de longitud fija: 060704 | azznnaabn |n ana d
035 ## - NÚMERO DE CONTROL DEL SISTEMA
- Número de control del sistema: CES20060000246c
040 ## - FUENTE DE LA CATALOGACIÓN
- Agencia original de catalogación: ES-MaCES
- Idioma de catalogación: spa
- Agencia de transcripción: ES-MaCES
111 2# - ENCABEZAMIENTO--NOMBRE DE REUNIÓN
- Nombre de reunión o jurisdicción como elemento de entrada: Conferencia Internacional del Trabajo
- Unidad subordinada: Reunión
- Número de parte/sección/reunión: 96ª
- Fecha de reunión: 2007
- Lugar de la reunión: Ginebra
670 ## - FUENTE DE DATOS ENCONTRADOS
- Fuente de citación: CD del CES
901 ## - CES. DATOS SIRTEX
- ID Sirtex (N5N8): 0002400001077
- 005BIS Sirtex: 200607041400ALORITE

